000 01140nam a2200325 i 4500
001 197934
003 ES-MaACL
005 20251211063021.0
008 251105b2019 ag ||||| |||| 001 0 spa d
020 _a978-950-649-871-9
040 _aES-MaACL
_bspa
_cES-MaACL
_erda
080 _a613.88
100 _aPetros, Ana
_9242480
_eaut
245 _aLas encrucijadas de la sexualidad /
_cAna Petros
250 _aSegunda Edición: Septiembre de 2019
264 1 _aBuenos Aires :
_bLetra Viva,
_c2019
264 4 _a©2019
300 _a159 páginas ;
_c22 cm
336 _2rdacontent
_aTexto
337 _2rdamedia
_asin mediación
338 _2rdacarrier
_avolumen
500 _aEjemplar firmado y dedicado por la autora
504 _aBibliografía: página 159. Índice
650 4 _917078
_aSexualidad
852 _aES-MaACL
_cDEPO1
_jA-15852
_gDedicatoria autógrafa de la autora
_hDonación: Ana Petros
_xEncuadernación rústica con solapas
_9206971
942 _cMONOGRAFIA
_n0
999 _c197934
_d197934